| 000 | 00878nam a2200253Ia 4500 | ||
|---|---|---|---|
| 001 | dia_4366 | ||
| 003 | CHAP | ||
| 005 | 20230111182548.0 | ||
| 007 | ta | ||
| 008 | 220117s1979 mx f 000 0 spa d | ||
| 010 | _a175012 | ||
| 040 |
_cCHAP _amxchpua |
||
| 090 | _aFOLLETO 2271 | ||
| 100 | 1 |
_aConfederación de asociaciones agrícolas del estado de Sinaloa _9155816 |
|
| 245 | 1 | 0 |
_aCostos de producción en las zonas de riego y zonas de temporal, correspondientes en ambos casos a los ciclos agrícolas 1977-198 y 1978-1979 / _cConfederación de asociaciones agrícolas del estado de Sinaloa |
| 260 |
_aSinaloa, México : _bEl autor, _c1979 |
||
| 300 | _a79 páginas | ||
| 500 | _aS/c | ||
| 650 | 1 | 3 |
_aCultivos _xCostos _9151947 |
| 901 | _aFOLLETO 2271 | ||
| 902 | _aM | ||
| 905 | _a0000001979 mx 0000000000spa00 | ||
| 942 |
_cFOLL _2local |
||
| 999 |
_c175012 _d175012 |
||